Concepts of insect control / (Record no. 1226)

MARC details
000 -LEADER
fixed length control field 00848nam a22002417a 4500
001 - CONTROL NUMBER
control field BD-DhSAU 1226
003 - CONTROL NUMBER IDENTIFIER
control field BD-DhSAU
005 - DATE AND TIME OF LATEST TRANSACTION
control field 20150113023320.0
008 - FIXED-LENGTH DATA ELEMENTS--GENERAL INFORMATION
fixed length control field 150113b1989 ii a|||| |||| 001 0 eng d
020 ## - INTERNATIONAL STANDARD BOOK NUMBER
International Standard Book Number 8122400884
040 ## - CATALOGING SOURCE
Original cataloging agency BD-DhSAU
082 ## - DEWEY DECIMAL CLASSIFICATION NUMBER
Edition number 22
Classification number 595.7
Item number GHC
100 ## - MAIN ENTRY--PERSONAL NAME
Personal name Ghosh, M.R.
245 ## - TITLE STATEMENT
Title Concepts of insect control /
Statement of responsibility, etc. M.R. Ghosh
260 ## - PUBLICATION, DISTRIBUTION, ETC. (IMPRINT)
Place of publication, distribution, etc. New Delhi, India :
Name of publisher, distributor, etc. Wiley eastern limited.
Date of publication, distribution, etc. 1989.
300 ## - PHYSICAL DESCRIPTION
Extent v, 273 p. :
Other physical details ill. ;
Dimensions 24 cm.
504 ## - BIBLIOGRAPHY, ETC. NOTE
Bibliography, etc Includes index.
590 ## - Name of Cataloguer
Name of Cataloger Md. Sirajul Islam.
650 ## - SUBJECT ADDED ENTRY--TOPICAL TERM
Topical term or geographic name as entry element Insect
650 ## - SUBJECT ADDED ENTRY--TOPICAL TERM
Topical term or geographic name as entry element Insect control
650 ## - SUBJECT ADDED ENTRY--TOPICAL TERM
Topical term or geographic name as entry element Entomology
856 ## - ELECTRONIC LOCATION AND ACCESS
Uniform Resource Identifier <a href="https://books.google.com.bd/books?id=IgjeORPkORwC&printsec=frontcover&dq=concepts+of+insects+control&hl=en&sa=X&ei=SvS0VPbCMoK2uATUnoCgCA&redir_esc=y#v=onepage&q=concepts%20of%20insects%20control&f=false">https://books.google.com.bd/books?id=IgjeORPkORwC&printsec=frontcover&dq=concepts+of+insects+control&hl=en&sa=X&ei=SvS0VPbCMoK2uATUnoCgCA&redir_esc=y#v=onepage&q=concepts%20of%20insects%20control&f=false</a>
942 ## - ADDED ENTRY ELEMENTS (KOHA)
Source of classification or shelving scheme Dewey Decimal Classification
Koha item type Book
Holdings
Withdrawn status Lost status Source of classification or shelving scheme Damaged status Not for loan Home library Branch Name Shelving location Date acquired Total Checkouts Full call number Barcode Date last seen Price effective from Koha item type Collection code
    Dewey Decimal Classification     SAU Library SAU Library General Stacks 30/06/1992   595.7 GHC 66206 13/01/2015 13/01/2015 Book  
    Dewey Decimal Classification     SAU Library SAU Library General Stacks 30/06/1992   595.7 GHC 22602 13/01/2015   Book  
    Dewey Decimal Classification     SAU Library SAU Library General Stacks 30/06/1992   595.7 GHC 22599 13/01/2015   Book  
    Dewey Decimal Classification     SAU Library SAU Library General Stacks 30/06/1992   595.7 GHC 22607 13/01/2015   Book  
    Dewey Decimal Classification     SAU Library SAU Library General Stacks 30/06/1992   595.7 GHC 22600 13/01/2015   Book  
    Dewey Decimal Classification     SAU Library SAU Library General Stacks 30/06/1992   595.7 GHC 22608 13/01/2015   Book  
    Dewey Decimal Classification     SAU Library SAU Library General Stacks 30/06/1992   595.7 GHC 22603 13/01/2015   Book  
    Dewey Decimal Classification     SAU Library SAU Library General Stacks 30/06/1992   595.7 GHC 22604 13/01/2015   Book  
    Dewey Decimal Classification     SAU Library SAU Library General Stacks 30/06/1992   595.7 GHC 23222 13/01/2015   Book  
    Dewey Decimal Classification     SAU Library SAU Library General Stacks 30/06/1992   595.7 GHC 22596 13/01/2015 13/01/2015 Book  
    Dewey Decimal Classification     SAU Library SAU Library General Stacks 30/06/1992   595.7 GHC 22598 13/01/2015 13/01/2015 Book  
    Dewey Decimal Classification     SAU Library SAU Library General Stacks 30/06/1992   595.7 GHC 22605 13/01/2015 13/01/2015 Book  
    Dewey Decimal Classification     SAU Library SAU Library General Stacks 30/06/1992   595.7 GHC 22597 14/01/2015 14/01/2015 Book  
    Dewey Decimal Classification     SAU Library SAU Library General Stacks 30/06/1992   595.7 GHC 24283 14/01/2015 14/01/2015 Book  
    Dewey Decimal Classification     SAU Library SAU Library General Stacks 30/06/1992   595.7 GHC 22606 21/01/2015 21/01/2015 Book  
    Dewey Decimal Classification   Not For Loan SAU Library SAU Library Reference 10/05/2015   595.7 GHC 24282 10/05/2015 10/05/2015 Book Reference
    Dewey Decimal Classification   Not For Loan SAU Library SAU Library Reference 30/06/1992   595.7 GHC 22594 17/05/2015 17/05/2015 Book Reference
    Dewey Decimal Classification     SAU Library SAU Library General Stacks 13/06/2015   595.7 GHC 22601 13/06/2015 13/06/2015 Book